000 00597nam a2200241 a 4500
001 nice12345678
003 IN_TiNIC
005 20260116012200.0
008 050524s1888 edia grp 000 0 eng
020 _a
_c100
082 0 0 _a226
_bBRU
100 _aBruce, A Balmain
245 _aTeaching of the Twelve
_b Passages Out of the Gospels.
260 _aEdinburgh
_bT & T Clark
_c1888
300 _a531p
500 _aincludes index and biblioraphy
505 2 _aIndex
650 _aBible N.T. Gospel
700 1 _aBruce, A Balmain
902 _bSRS
942 _cBK
999 _c5974
_d5974